| 000 | 00886nam a2200289Ia 4500 | ||
|---|---|---|---|
| 008 | 181129s9999 xx 000 0 und d | ||
| 020 | _a9789715698276 | ||
| 050 | _bM828 2015 | ||
| 100 | _aMorales, Miguel Louis | ||
| 245 | 0 | _aLucio San Pedro and his colorful music / | |
| 245 | 0 | _cby Miguel Louis Morales ; edited by Nina Macaraig-Gamboa ; illustrated by Jonuel Benedict A. Reyna. | |
| 260 | _aMakati, Philippines : | ||
| 260 | _bBookmark, | ||
| 260 | _c2015 | ||
| 300 | _aunpaged : | ||
| 300 | _bcolor illustrations ; | ||
| 300 | _c25cm. | ||
| 440 | _aModern heroes for the Filipino youth. | ||
| 650 | _aComposers -- | ||
| 650 | _aPhilippine literature for kids. | ||
| 650 | _aSan Pedro, Lucio D. | ||
| 650 | _xPhilippines -- Biography. | ||
| 700 | _aMacaraig-Gamboa, Nina. | ||
| 700 | _aReyna, Jonuel Benedict A. | ||
| 700 | _aSeries. | ||
| 700 | _aTitle. | ||
| 999 |
_c360209 _d360209 |
||